[Event "World Blitz"]
[Site "Moscow RUS"]
[Date "2007.11.21"]
[Round "6"]
[White "Adams, Mi"]
[Black "Mamedyarov, S."]
[Result "1-0"]
[WhiteElo "2729"]
[BlackElo "2752"]
[PlyCount "108"]
[EventDate "2007.11.21"]
[Source "www.chesslib.no"]
[SourceDate "2004.05.04"]

1. e4 e5 2. Nf3 Nc6 3. Bb5 a6 4. Ba4 d6 5. c3 Bd7 6. O-O g6 7. h3 Bg7 8. Re1 Nf6 9. d4 O-O 10. Bg5 h6 11. Bh4 Qe8 12. Bc2 Nh5 13. Nbd2 exd4 14. cxd4 Nxd4 15. Rc1 Nxf3+ 16. Nxf3 Bc6 17. b3 Qe6 18. Nd4 Bxd4 19. Qxd4 g5 20. Qd1 Nf4 21. Bg3 Rae8 22. Bb1 Qe5 23. Qd2 Re6 24. Re3 Rfe8 25. b4 Qf6 26. Rce1 Ng6 27. a3 Ne5 28. Ba2 R6e7 29. Qd1 Qg7 30. Qd2 Ng6 31. Bb1 h5 32. f3 h4 33. Bh2 Nf4 34. Kh1 Qe5 35. Ba2 Kh7 36. Qc2 Kh6 37. Qd2 Bd7 38. Bd5 c6 39. Bb3 Be6 40. Bc2 Bc4 41. Bb1 b5 42. Kg1 f6 43. Kh1 Kg7 44. Kg1 d5 45. exd5 Qxe3+ 46. Rxe3 Rxe3 47. Bxf4 Re1+ 48. Kh2 Rxb1 49. Bxg5 Re2 50. Qf4 fxg5 51. Qxg5+ Kh8 52. Qg6 Bxd5 53. Qxb1 Ra2 54. Kg1 Rxa3 1-0

[Event "Russian Club Cup"]
[Site "Maikop"]
[Date "1998.06.07"]
[Round "5"]
[White "Svidler, Peter"]
[Black "Malaniuk, Vladimir P"]
[Result "1-0"]
[WhiteElo "2690"]
[BlackElo "2600"]
[PlyCount "69"]
[EventDate "1998.06.03"]
[Source "ChessBase"]
[SourceDate "1998.09.30"]

1. e4 e5 2. Nf3 Nc6 3. Bb5 a6 4. Ba4 d6 5. c3 Bd7 6. d4 Nf6 7. Qe2 Be7 8. d5 Nb8 9. Bc2 c6 10. c4 a5 11. Nc3 Na6 12. O-O O-O 13. h3 h6 14. Be3 c5 15. Ne1 g5 16. a3 Kg7 17. Nd3 Qe8 18. f4 gxf4 19. Nxf4 Rh8 20. Rf2 exf4 21. Bxf4 Nh7 22. e5 Bh4 23. e6 fxe6 24. Qg4+ Bg5 25. Bxd6 exd5 26. Qf3 Rf8 27. Bxf8+ Nxf8 28. Nxd5 Be6 29. Re1 Qc6 30. Qc3+ Kg8 31. Qg3 Bxd5 32. cxd5 Qc7 33. d6 Qg7 34. Kh2 c4 35. h4 1-0

[Event "Chess Classics"]
[Site "Frankfurt GER"]
[Date "1996.??.??"]
[Round "6"]
[White "Leko, Peter"]
[Black "Huebner, Robert"]
[Result "1/2-1/2"]
[WhiteElo "2625"]
[BlackElo "2635"]
[PlyCount "130"]
[EventDate "1996.??.??"]
[Source "www.chesslib.no"]
[SourceDate "2004.05.04"]

1. e4 e5 2. Nf3 Nc6 3. Bb5 a6 4. Ba4 d6 5. c3 Bd7 6. d4 Nf6 7. d5 Ne7 8. Bc2 g6 9. c4 Bg7 10. Nc3 O-O 11. O-O h6 12. c5 Ne8 13. cxd6 cxd6 14. Nd2 f5 15. f3 Rc8 16. Qe2 Nf6 17. Nb3 Nh5 18. g3 fxe4 19. fxe4 Rxf1+ 20. Qxf1 Qb6+ 21. Qf2 Qb4 22. Be3 Nf6 23. a3 Qc4 24. Na5 Qc7 25. Bb6 Qb8 26. Bd3 Rf8 27. Qe2 Nc8 28. Be3 Ng4 29. Kg2 Nxe3+ 30. Qxe3 Qc7 31. Nc4 Kh7 32. Nd2 Qd8 33. Rf1 Rxf1 34. Bxf1 h5 35. Qf2 Kg8 36. Nf3 Bh6 37. Bd3 Kg7 38. h4 Qf6 39. Be2 Bc1 40. Bd1 Ne7 41. Qc2 Be3 42. Be2 Bc5 43. b4 Bb6 44. Na4 Bd8 45. Nb2 Ng8 46. Ng5 Nh6 47. Nc4 b5 48. Ne3 Bb6 49. Qd3 Nf7 50. Nf3 Qd8 51. Qd2 Qc8 52. Bd1 Qc7 53. Be2 Bc8 54. Nd1 Qd7 55. Nf2 Bd8 56. Qc1 Bb6 57. Qc3 Ba7 58. Qc2 Bb6 59. Qc1 Bd8 60. Bd1 Bf6 61. Be2 Qd8 62. Nh3 Bd7 63. Nhg5 Bxg5 64. Nxg5 Nxg5 65. Qxg5 Qxg5 1/2-1/2

[Event "Horgen"]
[Site "?"]
[Date "1994.??.??"]
[Round "?"]
[White "Benjamin, J."]
[Black "Lautier, J."]
[Result "1/2-1/2"]
[WhiteElo "2610"]
[BlackElo "2645"]
[PlyCount "52"]
[EventDate "1994.??.??"]
[Source "ChessBase"]
[SourceDate "1994.10.01"]

1. e4 e5 2. Nf3 Nc6 3. Bb5 a6 4. Ba4 d6 5. O-O Nge7 6. c3 Bd7 7. d4 Ng6 8. Nbd2 Be7 9. Re1 O-O 10. h3 f5 11. exf5 Bxf5 12. Bxc6 bxc6 13. dxe5 Nxe5 14. Nxe5 dxe5 15. Nc4 Bd6 16. Nxe5 Qf6 17. f4 Rae8 18. Qd4 g5 19. Bd2 gxf4 20. Bxf4 c5 21. Qe3 Bxh3 22. Qg3+ Qg7 23. Qxg7+ Kxg7 24. Bh2 Bf5 25. Nc4 Bxh2+ 26. Kxh2 Re4 1/2-1/2

[Event "Biel Interzonal"]
[Site "Biel"]
[Date "1993.??.??"]
[Round "13"]
[White "Adams, Michael"]
[Black "Yudasin, Leonid"]
[Result "1/2-1/2"]
[WhiteElo "2630"]
[BlackElo "2605"]
[PlyCount "21"]
[EventDate "1993.07.??"]
[Source "ChessBase"]

1. e4 e5 2. Nf3 Nc6 3. Bb5 a6 4. Ba4 d6 5. O-O Bd7 6. c3 Nge7 7. d4 Ng6 8. d5 Nb8 9. c4 Bxa4 10. Qxa4+ Nd7 11. Nc3 1/2-1/2

[Event "Campionato europeo 2007"]
[Site "Dresda GER"]
[Date "2007.04.05"]
[Round "3"]
[White "Timofeev, Artyom"]
[Black "Mastrovasilis, Athanasios"]
[Result "1-0"]
[WhiteElo "2658"]
[BlackElo "2543"]
[PlyCount "81"]
[EventDate "2007.04.03"]
[Source "www.chesslib.no"]
[SourceDate "2004.05.04"]

1. e4 e5 2. Nf3 Nc6 3. Bb5 a6 4. Ba4 d6 5. O-O Bd7 6. c3 Nge7 7. d4 Ng6 8. d5 Nb8 9. c4 Be7 10. Nc3 O-O 11. Bc2 a5 12. Be3 Na6 13. a3 c5 14. Qd2 h6 15. h3 Kh7 16. Rab1 Rg8 17. Bd3 Nf8 18. Nh2 Kh8 19. f4 Ng6 20. Ne2 exf4 21. Nxf4 Ne5 22. Nf3 Nxf3+ 23. Rxf3 Bg5 24. Nh5 Bxe3+ 25. Qxe3 Qg5 26. Nf4 Rae8 27. Rbf1 Re7 28. R1f2 Nc7 29. Qe1 b6 30. Qc3 Qe5 31. Qb3 Rb8 32. Ne2 a4 33. Qc2 Qh5 34. g4 Qh4 35. e5 Rxe5 36. Rxf7 Rg8 37. Nf4 Qg3+ 38. Kf1 Rg5 39. Rxd7 Ne8 40. Qe2 Nf6 41. Re7 1-0

[Event "Cannes m2"]
[Site "Cannes"]
[Date "1999.11.13"]
[Round "1"]
[White "Van der Wiel, John TH"]
[Black "Tkachiev, Vladislav"]
[Result "1/2-1/2"]
[WhiteElo "2544"]
[BlackElo "2648"]
[PlyCount "45"]
[EventDate "1999.11.13"]
[Source "ChessBase"]
[SourceDate "2000.02.01"]

1. e4 e5 2. Nf3 Nc6 3. Bb5 a6 4. Ba4 d6 5. O-O Nge7 6. c3 Bd7 7. d4 Ng6 8. d5 Nb8 9. Bxd7+ Nxd7 10. c4 Be7 11. Nc3 h6 12. a3 Bg5 13. Nxg5 hxg5 14. g3 Qf6 15. b4 Nf4 16. Ra2 Qg6 17. f3 Nh3+ 18. Kh1 g4 19. fxg4 Nf6 20. Qf3 Nxg4 21. c5 Nf6 22. Rc2 Rh5 23. Be3 1/2-1/2

[Event "Mind Sports Games - Rapid Ind KO"]
[Site "Pechino CINA"]
[Date "2008.10.07"]
[Round "1.1"]
[White "Fier, A."]
[Black "Korobov, A."]
[Result "1/2-1/2"]
[WhiteElo "2581"]
[BlackElo "2605"]
[PlyCount "188"]
[EventDate "2008.10.05"]
[Source "www.chesslib.no"]
[SourceDate "2004.05.04"]

1. e4 e5 2. Nf3 Nc6 3. Bb5 a6 4. Ba4 d6 5. c3 Bd7 6. d3 Nge7 7. Bg5 h6 8. Bh4 g5 9. Bg3 Bg7 10. h4 g4 11. Nh2 h5 12. f3 f5 13. fxg4 hxg4 14. exf5 Nxf5 15. Qxg4 Qe7 16. Qg6+ Kd8 17. Bf2 Nxh4 18. Bxh4 Rxh4 19. Bxc6 Bxc6 20. O-O Rh6 21. Qg3 Qh4 22. Qxh4+ Rxh4 23. Rf7 Rh7 24. Nd2 Bd5 25. Rf5 Ke7 26. Ne4 Rah8 27. Nf1 Be6 28. Rf3 Bh6 29. Re1 Rf7 30. Rxf7+ Kxf7 31. c4 Ke7 32. Nh2 b5 33. b3 bxc4 34. dxc4 c6 35. Nf3 Bg7 36. Neg5 a5 37. c5 Bd5 38. cxd6+ Kxd6 39. Ne4+ Kc7 40. Nc5 Re8 41. Ne4 Rb8 42. Kf2 a4 43. Nc5 Kd6 44. Nxa4 e4 45. Nd2 Bd4+ 46. Ke2 Rg8 47. Kd1 Rg4 48. Re2 c5 49. Nb6 Bc6 50. Nbc4+ Ke6 51. a4 Kf5 52. Nd6+ Ke5 53. N2c4+ Ke6 54. Nb5 Rg3 55. Kc2 Bxb5 56. axb5 Rc3+ 57. Kd1 Rxb3 58. Nd2 Rxb5 59. Rxe4+ Kd5 60. Re8 Bf6 61. Rf8 Rb6 62. Rc8 Bc3 63. Rd8+ Ke6 64. Ne4 Bd4 65. Ke2 Rb2+ 66. Kf3 Rb3+ 67. Kg4 Be3 68. Re8+ Kd5 69. Nf6+ Kd4 70. Rd8+ Kc4 71. Ne4 Rd3 72. Rb8 Rd7 73. Kf3 Bd4 74. Rb1 Rf7+ 75. Ke2 Kd5 76. Nd2 Rf2+ 77. Kd3 Rxg2 78. Rh1 c4+ 79. Nxc4 Rg3+ 80. Ke2 Kxc4 81. Rh5 Re3+ 82. Kf1 Kd3 83. Kg2 Ke2 84. Rg5 Re4 85. Kg3 Be3 86. Rg4 Re8 87. Kg2 Ra8 88. Rg3 Ra1 89. Rg4 Rf1 90. Rg3 Bf4 91. Rg4 Rf2+ 92. Kg1 Bh2+ 93. Kh1 Kf3 94. Rg2 Rxg2 1/2-1/2

[Event "I Open Ruy Lopez"]
[Site "Zafra SPA"]
[Date "2007.03.24"]
[Round "3"]
[White "Sargissian, G."]
[Black "Paunovic, D."]
[Result "1-0"]
[WhiteElo "2658"]
[BlackElo "2516"]
[PlyCount "57"]
[EventDate "2007.03.24"]
[Source "www.chesslib.no"]
[SourceDate "2004.05.04"]

1. e4 e5 2. Nf3 Nc6 3. Bb5 a6 4. Ba4 d6 5. c3 Bd7 6. O-O g6 7. d4 Nb8 8. d5 Bg7 9. Bxd7+ Nxd7 10. c4 h6 11. Nc3 f5 12. b4 Ne7 13. Ba3 O-O 14. c5 Nf6 15. Nd2 h5 16. b5 fxe4 17. b6 cxb6 18. cxd6 Nf5 19. Ndxe4 Nxe4 20. Nxe4 Nd4 21. Qd3 Rc8 22. d7 Qxd7 23. Bxf8 Rxf8 24. d6 Qf5 25. Kh1 Rd8 26. Qc4+ Kh7 27. Qd5 h4 28. f4 exf4 29. Ng5+ 1-0

[Event "Euwe mem"]
[Site "Amsterdam"]
[Date "1991.??.??"]
[Round "2"]
[White "Van der Wiel, John TH"]
[Black "Short, Nigel D"]
[Result "1/2-1/2"]
[WhiteElo "2530"]
[BlackElo "2635"]
[PlyCount "51"]
[EventDate "1991.05.??"]
[Source "ChessBase"]

1. e4 e5 2. Nf3 Nc6 3. Bb5 a6 4. Ba4 d6 5. O-O Bd7 6. c3 Nge7 7. d4 Ng6 8. d5 Nb8 9. c4 Be7 10. Nc3 O-O 11. Bxd7 Nxd7 12. Qc2 Nh4 13. Nxh4 Bxh4 14. b4 Bg5 15. Rb1 Bxc1 16. Rfxc1 Qe7 17. c5 dxc5 18. bxc5 Nxc5 19. Na4 Nxa4 20. Qxa4 Ra7 21. g3 Rd8 22. Rc3 h6 23. Rbc1 c6 24. dxc6 bxc6 25. Rxc6 Rd4 26. R1c4 1/2-1/2

[Event "JUG Team Ch"]
[Site "Cetinje"]
[Date "1993.??.??"]
[Round "4"]
[White "Tseshkovsky, Vitaly V"]
[Black "Malaniuk, Vladimir P"]
[Result "1/2-1/2"]
[WhiteElo "2540"]
[BlackElo "2600"]
[PlyCount "89"]
[EventDate "1993.??.??"]
[Source "www.chesslib.no"]
[SourceDate "2004.05.04"]

1. e4 e5 2. Nf3 Nc6 3. Bb5 a6 4. Ba4 d6 5. O-O Bd7 6. c3 Nge7 7. d4 Ng6 8. Na3 Be7 9. Nc2 b5 10. Bb3 Na5 11. Ne3 Nxb3 12. axb3 O-O 13. Re1 Re8 14. d5 Bf8 15. b4 Ne7 16. b3 Qb8 17. c4 c6 18. Ba3 Ng6 19. g3 Rc8 20. Qd3 Qb7 21. h4 a5 22. bxa5 b4 23. Bc1 Ne7 24. Bd2 c5 25. h5 Ra6 26. Nh2 h6 27. f4 f6 28. Rf1 Rca8 29. Neg4 Kh8 30. Qf3 Ng8 31. Be3 exf4 32. Bxf4 Rxa5 33. Rxa5 Rxa5 34. Ne3 Qc8 35. g4 Qe8 36. Rb1 Ra6 37. Nhf1 Ne7 38. Ng3 Qc8 39. Rf1 Kg8 40. Kg2 Ra2+ 41. Kh3 Rb2 42. Nd1 Rb1 43. Nf2 Rb2 44. Nd1 Rb1 45. Nf2 1/2-1/2

[Event "Lugano"]
[Site "?"]
[Date "1988.??.??"]
[Round "?"]
[White "Popovic, P."]
[Black "Balashov, Y."]
[Result "0-1"]
[WhiteElo "2570"]
[BlackElo "2555"]
[PlyCount "110"]
[EventDate "1988.??.??"]
[Source "ChessBase"]
[SourceDate "1988.01.01"]

1. e4 e5 2. Nf3 Nc6 3. Bb5 a6 4. Ba4 d6 5. c3 Bd7 6. O-O Nge7 7. d4 Ng6 8. Be3 Be7 9. c4 O-O 10. Bxc6 Bxc6 11. Nc3 f5 12. exf5 Rxf5 13. Nd5 Qd7 14. dxe5 dxe5 15. Nxe7+ Qxe7 16. Nd2 Nf4 17. Bxf4 Rxf4 18. Qe2 Rd8 19. Rfd1 Qg5 20. f3 Rfd4 21. Nb3 Rxd1+ 22. Rxd1 Rxd1+ 23. Qxd1 e4 24. fxe4 Qe3+ 25. Kf1 Qf4+ 26. Qf3 Qxh2 27. Nd2 Qe5 28. b3 h6 29. Ke2 b5 30. Qg4 bxc4 31. bxc4 a5 32. a3 a4 33. Qf3 Bd7 34. Qd3 Be6 35. Qd8+ Kh7 36. Qd3 Bf7 37. Qe3 Be6 38. Qd3 Qc5 39. Kf1 g5 40. Qc3 Kg6 41. Ke2 h5 42. Kd3 g4 43. g3 h4 44. gxh4 g3 45. Kc2 Qf2 46. Qe5 g2 47. Qxe6+ Kh5 48. Qe5+ Kg4 49. Qg7+ Kh3 50. Qc3+ Kh2 51. Qe5+ Kh1 52. h5 g1=Q 53. h6 Qg6 54. Qa1+ Kg2 55. Qe5 Qxh6 0-1

[Event "Elista ol (Men)"]
[Site "Elista"]
[Date "1998.10.04"]
[Round "6"]
[White "Romanishin, Oleg M"]
[Black "Iuldachev, Saidali"]
[Result "1-0"]
[WhiteElo "2600"]
[BlackElo "2505"]
[PlyCount "93"]
[EventDate "1998.09.29"]
[Source "ChessBase"]
[SourceDate "1998.11.06"]

1. e4 e5 2. Nf3 Nc6 3. Bb5 a6 4. Ba4 d6 5. O-O Nge7 6. c3 Bd7 7. d4 Ng6 8. Nbd2 Be7 9. Re1 h6 10. Nf1 Bg5 11. Ne3 Bxe3 12. Bxe3 O-O 13. dxe5 Ncxe5 14. Nxe5 Bxa4 15. Qxa4 Nxe5 16. Rad1 Qd7 17. Qc2 Rfe8 18. f3 a5 19. Bf2 a4 20. Rd4 b5 21. f4 Nc6 22. Rd5 Ne7 23. Rdd1 Qg4 24. Bg3 f5 25. Qd3 fxe4 26. Rxe4 Nf5 27. Rde1 Rxe4 28. Qxe4 Rf8 29. Bf2 Kh8 30. h3 Qg6 31. Qd5 c5 32. g4 b4 33. Re6 Ne7 34. Qxd6 Qb1+ 35. Re1 Qxb2 36. Qxe7 Rxf4 37. Qd8+ Kh7 38. Qd3+ Kg8 39. Re8+ Kf7 40. Qd7+ Kg6 41. Qd6+ Rf6 42. Qd3+ Kf7 43. Re2 Qc1+ 44. Re1 Qf4 45. Bxc5 b3 46. axb3 axb3 47. Bd4 1-0

[Event "Yerevan ol (Men)"]
[Site "Yerevan"]
[Date "1996.??.??"]
[Round "10"]
[White "Mokry, Karel"]
[Black "Huebner, Robert"]
[Result "1/2-1/2"]
[WhiteElo "2505"]
[BlackElo "2595"]
[PlyCount "31"]
[EventDate "1996.09.??"]
[Source "www.chesslib.no"]
[SourceDate "2004.05.04"]

1. e4 e5 2. Nf3 Nc6 3. Bb5 a6 4. Ba4 d6 5. c3 Bd7 6. d4 Nf6 7. Nbd2 g6 8. O-O Bg7 9. Bxc6 Bxc6 10. dxe5 dxe5 11. Nxe5 Bxe4 12. Nxe4 Qxd1 13. Nxf6+ Bxf6 14. Rxd1 Bxe5 15. Bh6 Bd6 16. Bg7 1/2-1/2

[Event "Bled/Portoroz"]
[Site "Bled"]
[Date "1979.??.??"]
[Round "?"]
[White "Kuzmin, Gennadi P"]
[Black "Ivkov, Borislav"]
[Result "0-1"]
[WhiteElo "2565"]
[BlackElo "2525"]
[PlyCount "83"]
[EventDate "1979.06.??"]
[Source "ChessBase"]

1. e4 e5 2. Nf3 Nc6 3. Bb5 a6 4. Ba4 d6 5. O-O Bd7 6. c3 Nge7 7. d4 Ng6 8. Be3 Be7 9. Nbd2 h6 10. Re1 Bg5 11. Nf1 Nh4 12. Nxg5 hxg5 13. d5 Nb8 14. Bxd7+ Nxd7 15. b4 a5 16. Nd2 Ng6 17. Nc4 a4 18. Na3 Nf4 19. c4 Qf6 20. Nb5 Ke7 21. Bxf4 exf4 22. e5 Nxe5 23. c5 f3 24. Qd4 Rh4 25. Qc3 Kf8 26. cxd6 cxd6 27. Nxd6 Qxd6 28. Rxe5 f6 29. g3 Qxe5 30. Qxe5 fxe5 31. gxh4 gxh4 32. Re1 Re8 33. h3 e4 34. d6 Re6 35. d7 Ke7 36. Rd1 Kd8 37. Rd4 a3 38. b5 Re5 39. b6 Re6 40. Ra4 Rg6+ 41. Kf1 Rxb6 42. Ke1 0-1

[Event "Yerevan URS-YUG  .71)"]
[Site "?"]
[Date "1971.??.??"]
[Round "14.11"]
[White "Minic, Dragoljub"]
[Black "Keres, Paul"]
[Result "1/2-1/2"]
[WhiteElo "2490"]
[BlackElo "2600"]
[PlyCount "33"]
[EventDate "1971.??.??"]
[Source "www.chesslib.no"]
[SourceDate "2004.05.04"]

1. e4 e5 2. Nf3 Nc6 3. Bb5 a6 4. Ba4 d6 5. O-O Nge7 6. c3 Bd7 7. d4 Ng6 8. Ne1 Be7 9. f4 Nxf4 10. Bxf4 exf4 11. Rxf4 O-O 12. Bc2 Bg5 13. Rf1 f5 14. Nf3 Kh8 15. d5 Be3+ 16. Kh1 Ne7 17. Na3 1/2-1/2

[Event "TCh-RUS"]
[Site "Togliatti"]
[Date "2003.05.16"]
[Round "1"]
[White "Smirin, Ilia"]
[Black "Gabdrakhmanov, Rafail"]
[Result "1-0"]
[WhiteElo "2662"]
[BlackElo "2427"]
[PlyCount "81"]
[EventDate "2003.05.16"]
[Source "Roberto Alvarez"]
[SourceDate "2003.05.26"]

1. e4 e5 2. Nf3 Nc6 3. Bb5 a6 4. Ba4 d6 5. c3 Bd7 6. O-O Nge7 7. d4 Ng6 8. Re1 Be7 9. Nbd2 h6 10. Nf1 Bg5 11. Be3 b5 12. Bc2 Qf6 13. a4 Rb8 14. axb5 axb5 15. Ra6 Nh4 16. Nxh4 Bxh4 17. g3 Bg5 18. dxe5 Nxe5 19. f4 Bg4 20. fxe5 Bxd1 21. exf6 Bxc2 22. fxg7 Rg8 23. e5 d5 24. h4 Be7 25. Bxh6 b4 26. Ne3 Be4 27. Ng4 bxc3 28. bxc3 Bc5+ 29. Ne3 d4 30. cxd4 Bxd4 31. Ra4 c5 32. Rxd4 cxd4 33. Ng4 Bf5 34. Nf6+ Ke7 35. g4 Bc2 36. Ra1 d3 37. Kf2 Rgd8 38. Bg5 Ke6 39. Ra6+ Kxe5 40. Ke3 Rb4 41. Nd7+ 1-0

[Event "RUS-Cup03"]
[Site "Tomsk"]
[Date "2002.07.16"]
[Round "9"]
[White "Smirnov, Pavel"]
[Black "Belozerov, Andrei"]
[Result "1-0"]
[WhiteElo "2539"]
[BlackElo "2541"]
[PlyCount "85"]
[EventDate "2002.07.08"]
[Source "ChessBase"]
[SourceDate "2002.09.11"]

1. e4 e5 2. Nf3 Nc6 3. Bb5 a6 4. Ba4 d6 5. O-O Bd7 6. c3 Nge7 7. d4 Ng6 8. d5 Nb8 9. Bxd7+ Nxd7 10. c4 Be7 11. Nc3 h6 12. g3 Bg5 13. Nxg5 hxg5 14. Bd2 Nb6 15. Qe2 Qd7 16. f3 Qh3 17. Rf2 f6 18. b4 Nd7 19. Be3 b6 20. c5 Kf7 21. Na4 bxc5 22. bxc5 Rhb8 23. c6 Ndf8 24. Rff1 Nh7 25. Rab1 Qc8 26. Qc2 g4 27. fxg4 Rxb1 28. Rxb1 Qxg4 29. Nc3 Ng5 30. Bxg5 Qxg5 31. Qd3 Ne7 32. Rb7 Rc8 33. Kf2 Qh6 34. h4 g5 35. Qe3 Qh7 36. hxg5 Qh2+ 37. Ke1 Qh1+ 38. Kd2 f5 39. exf5 Nxd5 40. Qe4 Qxe4 41. Nxe4 Ne7 42. f6 d5 43. Nd6+ 1-0

[Event "URS-FL56+"]
[Site "Klaipeda"]
[Date "1988.??.??"]
[Round "?"]
[White "Gavrikov, Viktor"]
[Black "Goldin, Alexander"]
[Result "1/2-1/2"]
[WhiteElo "2545"]
[BlackElo "2530"]
[PlyCount "41"]
[EventDate "1988.11.??"]
[Source "ChessBase"]

1. e4 e5 2. Nf3 Nc6 3. Bb5 a6 4. Ba4 d6 5. c3 Bd7 6. O-O Nge7 7. d4 Ng6 8. Re1 Be7 9. Nbd2 O-O 10. Bc2 Nh4 11. Nxh4 Bxh4 12. Nf3 Bg4 13. d5 Nb8 14. h3 Bxf3 15. Qxf3 Bg5 16. g3 Nd7 17. h4 Bxc1 18. Raxc1 Qe7 19. Kg2 a5 20. Qe2 Rfb8 21. Ba4 1/2-1/2

[Event "URS Team Ch"]
[Site "Podolsk RUS"]
[Date "1990.??.??"]
[Round "?"]
[White "Akopian, Vladimir E"]
[Black "Goldin, Alexander V"]
[Result "0-1"]
[WhiteElo "2550"]
[BlackElo "2525"]
[PlyCount "90"]
[EventDate "1990.??.??"]
[Source "www.chesslib.no"]
[SourceDate "2004.05.04"]

1. e4 e5 2. Nf3 Nc6 3. Bb5 a6 4. Ba4 d6 5. c3 Bd7 6. O-O Nge7 7. d4 Ng6 8. Re1 Be7 9. Nbd2 O-O 10. Nf1 Nh4 11. Nxh4 Bxh4 12. Ng3 b5 13. Bc2 Bg5 14. dxe5 Bxc1 15. Rxc1 Nxe5 16. f4 Ng6 17. Rf1 Kh8 18. Qd2 f6 19. Bb3 Be8 20. c4 Bf7 21. Rf3 Rb8 22. cxb5 Bxb3 23. Rxb3 Rxb5 24. Rbc3 Qb8 25. b3 Qb6+ 26. Kh1 Qa5 27. R1c2 Rb7 28. h3 Re8 29. Kh2 h6 30. Qc1 Re7 31. Rc6 Rd7 32. R2c4 Qxa2 33. Ra4 Qf2 34. Nh5 Rxb3 35. Kh1 Re3 36. Ra1 Nxf4 37. Rc2 Re2 38. Rxe2 Nxe2 39. Qc6 Re7 40. Qa8+ Kh7 41. Qf8 Qd4 42. Rf1 Qe5 43. Rb1 Kg6 44. Rf1 Rf7 45. Rxf6+ Qxf6 0-1

[Event "North Bay Open"]
[Site "North Bay CAN"]
[Date "1994.??.??"]
[Round "?"]
[White "Shabalov, Alexander"]
[Black "Ivanov, Igor V"]
[Result "1/2-1/2"]
[WhiteElo "2590"]
[BlackElo "2485"]
[PlyCount "91"]
[EventDate "1994.??.??"]
[Source "www.chesslib.no"]
[SourceDate "2004.05.04"]

1. e4 e5 2. Nf3 Nc6 3. Bb5 a6 4. Ba4 d6 5. c3 Bd7 6. O-O Nge7 7. d4 Ng6 8. Re1 Be7 9. dxe5 dxe5 10. Be3 O-O 11. Nbd2 Qe8 12. Bc2 Rd8 13. a4 Nh4 14. Nxh4 Bxh4 15. b4 Be6 16. Qe2 h6 17. b5 Nb8 18. Nf3 Bg4 19. Reb1 a5 20. Bb3 Nd7 21. Bd5 b6 22. Qc4 Bxf3 23. gxf3 Qe7 24. Qxc7 Rc8 25. Qb7 Rxc3 26. Bc6 Rxe3 27. fxe3 Qg5+ 28. Kh1 Qxe3 29. Rf1 Nf6 30. Qe7 Qf4 31. Qc7 Qe3 32. Qd6 Bf2 33. Ra3 Qc5 34. Qxc5 Bxc5 35. Rd3 g5 36. Rc1 Bd4 37. Bb7 Nd7 38. Rc8 Rxc8 39. Bxc8 Nc5 40. Ra3 Kg7 41. Kg2 h5 42. Kg3 Bb2 43. Ra2 Bd4 44. Bh3 Kg6 45. Bf5+ Kh6 46. Kh3 1/2-1/2

[Event "EU-chT (Men)"]
[Site "Batumi"]
[Date "1999.12.02"]
[Round "4.4"]
[White "Grischuk, Alexander"]
[Black "Malaniuk, Vladimir P"]
[Result "1/2-1/2"]
[WhiteElo "2549"]
[BlackElo "2525"]
[PlyCount "45"]
[EventDate "1999.11.06"]
[Source "ChessBase"]
[SourceDate "2000.02.01"]

1. e4 e5 2. Nf3 Nc6 3. Bb5 a6 4. Ba4 d6 5. c3 Bd7 6. d4 Nf6 7. Qe2 Qe7 8. O-O g6 9. d5 Nb8 10. Bxd7+ Nbxd7 11. c4 Nc5 12. Nc3 a5 13. Ne1 Bg7 14. Nd3 Nxd3 15. Qxd3 O-O 16. Bg5 h6 17. Be3 Nh5 18. Qd2 Kh7 19. b3 f5 20. f3 Nf6 21. a3 fxe4 22. Nxe4 Nxe4 23. fxe4 1/2-1/2

[Event "Asian-ch"]
[Site "Calcutta"]
[Date "2001.08.17"]
[Round "11"]
[White "Yurtaev, Leonid"]
[Black "Safin, Shukhrat"]
[Result "0-1"]
[WhiteElo "2543"]
[BlackElo "2529"]
[PlyCount "78"]
[EventDate "2001.08.09"]
[Source "ChessBase"]
[SourceDate "2001.11.13"]

1. e4 e5 2. Nf3 Nc6 3. Bb5 a6 4. Ba4 Nge7 5. c3 d6 6. d4 Bd7 7. Bb3 h6 8. Nbd2 Ng6 9. Nc4 Be7 10. Ne3 Bg5 11. Nxg5 hxg5 12. g3 Bh3 13. Bc2 Qd7 14. d5 Nce7 15. c4 Ng8 16. a4 a5 17. Bd3 Kf8 18. Qc2 b6 19. Bd2 Nf6 20. Be2 Nf4 21. gxf4 gxf4 22. Nf1 Bg2 23. Rg1 Bxe4 24. Qb3 Rh3 25. Qb5 Qf5 26. Qc6 Ra7 27. Ra3 Rxa3 28. bxa3 Bd3 29. Bf3 Bxf1 30. Rxf1 Qd3 31. Be2 Qb1+ 32. Bd1 Qe4+ 33. Be2 f3 34. Be3 fxe2 35. Kxe2 Qc2+ 36. Kf3 Qf5+ 37. Ke2 Qc2+ 38. Kf3 Qf5+ 39. Ke2 Ng4 0-1

[Event "Qingdao Daily Cup"]
[Site "Qingdao"]
[Date "1999.10.19"]
[Round "3"]
[White "Peng Xiaomin"]
[Black "Iuldachev, Saidali"]
[Result "1/2-1/2"]
[WhiteElo "2574"]
[BlackElo "2491"]
[PlyCount "81"]
[EventDate "1999.10.18"]
[Source "ChessBase"]
[SourceDate "2000.02.01"]

1. e4 e5 2. Nf3 Nc6 3. Bb5 a6 4. Ba4 d6 5. c3 Bd7 6. O-O Nge7 7. d4 Ng6 8. Be3 Be7 9. d5 Nb8 10. c4 h6 11. Nc3 Bg5 12. Nxg5 hxg5 13. g3 Nf4 14. f3 Kf8 15. Qc2 g6 16. Bxd7 Nxd7 17. gxf4 gxf4 18. Bc1 Kg7 19. b3 Rh3 20. Ba3 Qg5+ 21. Qg2 Qh4 22. Rf2 Rh8 23. Kf1 Rh5 24. Ne2 Rg5 25. Qh1 Nf6 26. c5 Nh5 27. cxd6 cxd6 28. Bxd6 Ng3+ 29. Nxg3 fxg3 30. Rg2 Rh5 31. Ke2 Qf6 32. Bc7 Rxh2 33. Rxh2 Rxh2+ 34. Qxh2 gxh2 35. d6 Qg5 36. d7 Qg2+ 37. Ke3 Qg1+ 38. Rxg1 hxg1=Q+ 39. Ke2 Qg2+ 40. Ke1 Qg1+ 41. Ke2 1/2-1/2

[Event "Open"]
[Site "?"]
[Date "2002.??.??"]
[Round "?"]
[White "Efimenko Zahar"]
[Black "Korobov Anton"]
[Result "1-0"]
[WhiteElo "2544"]
[BlackElo "2511"]
[PlyCount "65"]
[EventDate "2002.??.??"]
[Source "www.chesslib.no"]
[SourceDate "2004.05.04"]

1. e4 e5 2. Nf3 Nc6 3. Bb5 a6 4. Ba4 d6 5. O-O Bd7 6. c3 Nge7 7. d4 Ng6 8. Re1 Be7 9. Nbd2 O-O 10. Nf1 Nh4 11. Nxh4 Bxh4 12. Ne3 Kh8 13. Nf5 Bxf5 14. exf5 exd4 15. cxd4 Bf6 16. d5 Nd4 17. Qd3 c5 18. dxc6 Qa5 19. Qd1 b5 20. Bc2 Qxe1+ 21. Qxe1 Nxc2 22. Qd1 Nxa1 23. g4 Rac8 24. g5 Be5 25. f4 Rxc6 26. fxe5 dxe5 27. Be3 Nc2 28. Qd5 Rfc8 29. Bf2 f6 30. gxf6 gxf6 31. Kf1 Nb4 32. Qf7 Rd6 33. Bc5 1-0

[Event "Genova"]
[Site "?"]
[Date "2006.08.13"]
[Round "8"]
[White "Dzhumaev Marat"]
[Black "Barsov Alexei"]
[Result "1/2-1/2"]
[WhiteElo "2509"]
[BlackElo "2546"]
[PlyCount "21"]
[EventDate "2006.??.??"]
[Source "www.chesslib.no"]
[SourceDate "2004.05.04"]

1. e4 e5 2. Nf3 Nc6 3. Bb5 a6 4. Ba4 d6 5. c3 Bd7 6. O-O Nge7 7. d4 Ng6 8. Re1 Be7 9. Nbd2 h6 10. Nf1 Bg5 11. Be3 1/2-1/2

[Event "ARG-ch"]
[Site "Pena City"]
[Date "1996.??.??"]
[Round "7"]
[White "Ricardi, Pablo"]
[Black "Slipak, Sergio"]
[Result "1/2-1/2"]
[WhiteElo "2535"]
[BlackElo "2515"]
[PlyCount "35"]
[EventDate "1996.10.??"]
[Source "ChessBase"]

1. e4 e5 2. Nf3 Nc6 3. Bb5 a6 4. Ba4 d6 5. c3 Bd7 6. O-O Nge7 7. d4 Ng6 8. Be3 Be7 9. Nbd2 O-O 10. h3 Kh8 11. Re1 exd4 12. cxd4 d5 13. a3 f5 14. exf5 Bxf5 15. Nf1 Nh4 16. Nxh4 Bxh4 17. Rc1 Ne7 18. Rc3 1/2-1/2